| 000 | 00437nam a2200193Ia 4500 | ||
|---|---|---|---|
| 001 | 14424 | ||
| 003 | GE_BSU | ||
| 008 | 181216s||||||||xx |||||||||||||| ||und|| | ||
| 040 | _cGE_BSU | ||
| 080 | _a821.111-1 | ||
| 100 | _aTillich,Paul | ||
| 245 | 4 | _aThe Shaking of the Foundations | |
| 260 | _aLondon | ||
| 260 | _bPenguin Books | ||
| 260 | _c1949 | ||
| 300 | _a185p.18cm. | ||
| 653 | _aThe Shaking of the Foundations | ||
| 942 | _cBK | ||
| 999 |
_c47560 _d47560 |
||